Statistics for Help! (The Beatles) - Lyrics

Click here to take the quiz!

General Stats

  • This quiz has been taken 114 times
  • The average score is 20 of 29

Answer Stats

HintAnswer% Correct
(Help!) I ___ ___need somebody
99%
(Help!) Not ___ ___just anybody
95%
___Help!
92%
(Help!) You know I ___ ___need someone
90%
When I was younger so much ___ ___ ___younger than today
90%
Won't you please, please ___ ___?help me
82%
Help me if you can, I'm ___ ___feeling down
79%
Help me get my ___ ___ on the groundfeet back
79%
I never needed ___ ___ in any wayanybody's help
78%
Won't you please, please ___ ___?help me
75%
Help me get my ___ ___ on the groundfeet back
73%
Help me if you can, I'm ___ ___feeling down
71%
And I do appreciate you ___ ___being 'round
69%
But now those days are gone, I'm not so ___ ___self assured
69%
When I was younger so ___ ___ ___ ___much younger than today
65%
And I do appreciate you ___ ___being 'round
64%
I never ___ ___ ___ in any wayneeded anybody's help
63%
___ ___? ___ ___? OohHelp me, Help me
60%
Help me if you can ___ ___ ___I'm feeling down
60%
Help me get ___ ___ ___ on the groundmy feet back
60%
Now I find I've ___ ___ ___ and opened up the doorschanged my mind
59%
Won't you please, ___ ___ ___?please help me
57%
But now those days are gone, I'm ___ ___ ___ ___not so self assured
54%
And I do appreciate ___ ___ ___you being 'round
54%
But every now and then I ___ ___ ___feel so insecure
53%
My independence seems to vanish ___ ___ ___in the haze
53%
I know that I just need you like I've ___ ___ ___never done before
53%
And now my ___ ___ ___ in oh so many wayslife has changed
52%
Now I find I've ___ ___ ___ ___ ___ up the doorschanged my mind and opened
45%

Score Distribution

Percentile by Number Answered

Percent of People with Each Score

Your Score History

You have not taken this quiz